| 000 | 01174pam a2200349 a 4500 | ||
|---|---|---|---|
| 001 | 2207 | ||
| 003 | FISKH | ||
| 005 | 20240105090227.0 | ||
| 008 | 901213s1992 nyua j 000 1 eng | ||
| 010 | _a 90026799 | ||
| 020 | _a0027780139 : | ||
| 020 | _a9780590162876 | ||
| 040 |
_aDLC _cDLC _dDLC _beng |
||
| 042 | _alcac | ||
| 050 | 0 | 0 |
_aPZ7.R982 _bHg 1992 |
| 082 | 0 | 0 |
_a813.54 _220 |
| 100 | 1 | _aRylant, Cynthia. | |
| 245 | 1 | 0 |
_aHenry and Mudge and the long weekend : _bthe eleventh book of their adventures / _cstory by Cynthia Rylant ; pictures by Suçie Stevenson. |
| 250 | _aFirst Scholastic printing, September, 2003 | ||
| 260 |
_aNew York : _bScholastic, _c1992 |
||
| 300 |
_a40 pages : _bcolor illustrations ; _c22 cm |
||
| 490 | 1 | _aThe Henry and Mudge books | |
| 505 | _aJ | ||
| 520 | _aHenry and Mudge the dog's boring weekend becomes interesting when Mom suggests building a castle in the basement. | ||
| 521 | 8 |
_a500
_bLexile |
|
| 521 | 8 |
_aJ
_bRaz-Plus |
|
| 650 | 1 |
_aDogs _xFiction. |
|
| 650 | 1 |
_aPlay _xFiction. |
|
| 700 | 1 |
_aStevenson, Suçie, _eillustrator |
|
| 906 |
_a7 _bcbc _corignew _d1 _eocip _f19 _gy-gencatlg |
||
| 942 |
_2ddc _cBK _n0 |
||
| 999 |
_c2207 _d2207 |
||